Personenraten - Prominente (mit Bild) - Statistiken

Allgemein
  • Dieses Quiz wurde 812 mal gespielt
    756 seit der letzten Aktualisierung
  • Das Durchschnittsergebnis liegt bei 9 aus 16
Antwortstatistiken
Bildquiz Antwort % Korrekt
Ronaldo
98%
Messi
80%
Kane
75%
Pitt
69%
Chan
65%
Watson
62%
Jolie
59%
Clooney
57%
Aniston
55%
Fox
53%
Lopez
52%
Statham
47%
Radcliffe
42%
Momoa
35%
Aguilera
31%
Affleck
28%
Keine übereinstimmenden Quizze gefunden
Verteilung der Resultate
Anzahl Personen mit jedem Resultat
Perzentil nach korrekt beantworteten Fragen
Ihre Resultats-Entwicklung
Sie haben dieses Quiz seit der letzten Aktualisierung nicht gespielt